[Event "Hastings Masters"]
[Site "Hastings"]
[Date "2006.12.30"]
[Round "3.19"]
[White "Dickson, George"]
[Black "Grooten, Herman"]
[Result "1/2-1/2"]
[WhiteElo "2171"]
[BlackElo "2387"]
[PlyCount "86"]
[EventDate "2006.12.28"]
[SourceDate "2006.12.28"]

1. e4 c5 2. c3 Nf6 3. e5 Nd5 4. d4 cxd4 5. Nf3 e6 6. Bc4 d6 7. O-O Be7 8. Bxd5
exd5 9. cxd4 Nc6 10. Nc3 Be6 11. exd6 Qxd6 12. Nb5 Qd8 13. Bf4 Rc8 14. Ne5 Nxe5
15. Bxe5 a6 16. Nc3 O-O 17. Qb3 b5 18. Ne2 f6 19. Bf4 Qd7 20. Rac1 Rc4 21. Bd2
Rfc8 22. Qe3 Bf7 23. b3 Rxc1 24. Rxc1 Re8 25. Qg3 Ba3 26. Re1 Bd6 27. Qf3 Qc7
28. Kf1 Qc2 29. Nc3 Rc8 30. Nxd5 Qxd2 31. Nxf6+ Kh8 32. Ne4 Qxd4 33. Nxd6 Qxd6
34. Qxf7 Rf8 35. Qe7 Qf4 36. Qc5 h6 37. Re4 Qxe4 38. Qxf8+ Kh7 39. g3 a5 40.
Qa3 Qd3+ 41. Kg2 Qc3 42. Qf8 Qc2 43. g4 Qxa2 1/2-1/2

[Event "Hastings Masters"]
[Site "Hastings"]
[Date "2006.12.30"]
[Round "3.20"]
[White "Narayanan, Srinath"]
[Black "Prosviriakov, Vladimir"]
[Result "1-0"]
[WhiteElo "2141"]
[BlackElo "2346"]
[PlyCount "131"]
[EventDate "2006.12.28"]
[SourceDate "2006.12.28"]

1. e4 e5 2. Nf3 Nc6 3. Bc4 Bc5 4. c3 Nf6 5. d3 a6 6. h3 Ba7 7. Bb3 O-O 8. Nbd2
d5 9. exd5 Nxd5 10. Ne4 h6 11. Bxh6 Be6 12. Bc1 f6 13. O-O Qe8 14. Kh2 Rd8 15.
Qe2 Nce7 16. d4 Ng6 17. dxe5 Ngf4 18. Bxf4 Nxf4 19. Bxe6+ Qxe6 20. Qc2 Nd3 21.
Ng3 fxe5 22. Ng5 Qd5 23. N3e4 Rf4 24. f3 Rf5 25. Rad1 Be3 26. Ne6 Qxe6 27. Rxd3
Rxd3 28. Qxd3 Bb6 29. b3 c6 30. Rd1 Qh6 31. Qc4+ Kh7 32. Qd3 Kg8 33. Qc4+ Kh7
34. Nd6 Rf4 35. Qd3+ e4 36. Nxe4 Kg8 37. Kh1 Rh4 38. Qd7 Qf4 39. Qd6 Rxh3+ 40.
gxh3 Qxf3+ 41. Kh2 Qe2+ 42. Kg3 Qe3+ 43. Kg4 Qxe4+ 44. Qf4 Qe2+ 45. Qf3 Qe6+
46. Kg3 Qg6+ 47. Kh2 Bc7+ 48. Kh1 Qc2 49. Kg1 Qxa2 50. Re1 Qh2+ 51. Kf1 Be5 52.
Re2 Qf4 53. Qxf4 Bxf4 54. Re7 Bd2 55. Rxb7 Bxc3 56. Rb6 a5 57. Rxc6 Bb4 58. h4
Be7 59. Ra6 Bb4 60. Ke2 Bc3 61. Rc6 Bb4 62. Kd3 Be1 63. Kc4 Bd2 64. Kb5 Be1 65.
Ra6 Bc3 66. Ka4 1-0

[Event "Hastings Masters"]
[Site "Hastings"]
[Date "2006.12.30"]
[Round "3.21"]
[White "Eames, Robert"]
[Black "Griffiths, Ryan Rhys"]
[Result "1-0"]
[WhiteElo "2311"]
[BlackElo "2104"]
[PlyCount "55"]
[EventDate "2006.12.28"]
[SourceDate "2006.12.28"]

1. e4 c5 2. c3 Nf6 3. e5 Nd5 4. Nf3 e6 5. Bc4 Nb6 6. Bb3 Nc6 7. O-O d6 8. exd6
Bxd6 9. d4 cxd4 10. cxd4 O-O 11. Nc3 Nd5 12. Ne4 Nce7 13. Bg5 h6 14. Bh4 Qb6
15. Nxd6 Qxd6 16. Bg3 Qd8 17. Qd3 Nf5 18. a3 Nxg3 19. fxg3 f5 20. Ne5 Rf6 21.
g4 Kh7 22. h4 g6 23. g5 Rf8 24. gxh6 Nf6 25. Rae1 Ne4 26. h5 g5 27. Rxe4 fxe4
28. Qxe4+ 1-0

[Event "Hastings Masters"]
[Site "Hastings"]
[Date "2006.12.30"]
[Round "3.22"]
[White "Ashton, Adam"]
[Black "Fryer, David"]
[Result "1/2-1/2"]
[WhiteElo "2304"]
[BlackElo "2101"]
[PlyCount "129"]
[EventDate "2006.12.28"]
[SourceDate "2006.12.28"]

1. e4 e5 2. Nf3 Nc6 3. Bb5 a6 4. Ba4 Nf6 5. O-O Nxe4 6. d4 b5 7. Bb3 d5 8. dxe5
Be6 9. Nbd2 Be7 10. c3 O-O 11. Bc2 f5 12. Nb3 Qd7 13. Nfd4 Nxd4 14. Nxd4 c5 15.
Nxe6 Qxe6 16. f3 Ng5 17. Bxg5 Bxg5 18. f4 Be7 19. a4 g6 20. Qe2 Qc6 21. Rfd1 c4
22. Qf3 Rfd8 23. Kh1 b4 24. b3 Rac8 25. cxb4 c3 26. Rd4 Qb6 27. Rad1 Bxb4 28.
Rxd5 a5 29. Rd7 Rxd7 30. Rxd7 Qc6 31. Qd3 Rc7 32. Rd4 Kg7 33. h3 Kf7 34. Kh2
Ke7 35. Qg3 Ke8 36. Qd3 Rd7 37. Rxd7 Qxd7 38. Kg3 Qxd3+ 39. Bxd3 h5 40. Kf3 Kf7
41. Ke2 Kg7 42. Kf3 Kf7 43. g4 hxg4+ 44. hxg4 fxg4+ 45. Kxg4 Be7 46. Kf3 Bc5
47. Ke4 Ke6 48. Bc4+ Ke7 49. Kd3 Bb4 50. Bd5 Kf8 51. Be4 Kf7 52. Kc4 Kg7 53.
Kd5 Kf7 54. Kc6 Ba3 55. Kd7 Bb4 56. Bc2 Ba3 57. b4 Bxb4 58. Bb3+ Kg7 59. Ke6
Ba3 60. Kd7 Bb4 61. e6 Kf6 62. Bc2 Ba3 63. Bd3 Bb4 64. Bc2 Ba3 65. Bd3 1/2-1/2

[Event "Hastings Masters"]
[Site "Hastings"]
[Date "2006.12.30"]
[Round "3.23"]
[White "Vrban, Damir"]
[Black "Ledger, David"]
[Result "0-1"]
[WhiteElo "2130"]
[BlackElo "2276"]
[PlyCount "152"]
[EventDate "2006.12.28"]
[SourceDate "2006.12.28"]

1. f4 d5 2. Nf3 g6 3. g3 Bg7 4. Bg2 c6 5. O-O Qb6+ 6. d4 Nd7 7. Kh1 Nh6 8. c3
Nf6 9. a4 Nf5 10. Qd3 Nd6 11. Nh4 Nfe4 12. Nd2 Nxd2 13. Bxd2 Bf6 14. e4 dxe4
15. Bxe4 Nxe4 16. Qxe4 Qxb2 17. Qe3 Qb3 18. Nf3 h5 19. h4 Bf5 20. a5 O-O 21.
Ne5 Rac8 22. c4 Qxe3 23. Bxe3 {(=)} Rfd8 24. c5 Rb8 25. Kg1 Bxe5 26. dxe5 Rd3
27. Kf2 Rbd8 28. Rfe1 Rb3 29. Red1 Rb2+ 30. Ke1 Rxd1+ 31. Rxd1 Ra2 32. Bd2 Kf8
33. Rc1 Ke8 34. Rc4 Kd7 35. Ke2 Ra3 36. Kf2 a6 37. Rb4 Kc8 38. Rb2 Bd3 39. Be1
Bb5 40. Bb4 Ra4 41. Kf3 Kd7 42. Rd2+ Ke6 43. Rd4 Ra2 44. Rd8 Rb2 45. Bd2 Bc4
46. Ke3 Rb3+ 47. Kf2 Bd5 48. Be3 Rb2+ 49. Ke1 Kf5 50. Rd7 Ke4 51. Bf2 Kf3 52.
Bd4 Rb3 53. Kd2 Kxg3 54. f5 gxf5 55. Rxe7 Kxh4 56. Re8 Kg4 57. Rg8+ Kf4 58. Rh8
Rh3 59. Rb8 Ke4 60. Bg1 Rg3 61. Bf2 Rb3 62. Kc2 Rb5 63. Kc1 Kxe5 64. Rh8 Rxa5
65. Rxh5 Ra2 66. Bh4 Kd4 67. Be7 Kc3 68. Rh3+ Kc4 69. Kb1 Rf2 70. Rh8 f4 71.
Rb8 f3 72. Rxb7 Re2 73. Bh4 f2 74. Bxf2 Rxf2 75. Rb6 Kc3 76. Ka1 Rf1+ 0-1

[Event "Hastings Masters"]
[Site "Hastings"]
[Date "2006.12.30"]
[Round "3.24"]
[White "Hutchinson, Norman"]
[Black "Britton, Richard"]
[Result "0-1"]
[WhiteElo "2097"]
[BlackElo "2261"]
[PlyCount "106"]
[EventDate "2006.12.28"]
[SourceDate "2006.12.28"]

1. e4 c5 2. c3 d6 3. d4 Nf6 4. Bd3 Nc6 5. Nf3 e5 6. d5 Ne7 7. Bg5 Nd7 8. Bb5 h6
9. Be3 a6 10. Bxd7+ Bxd7 11. O-O g6 12. Nbd2 b5 13. b4 c4 14. a4 Bg7 15. axb5
axb5 16. Rxa8 Qxa8 17. Qa1 O-O 18. Bb6 Qb7 19. Ba5 f5 20. Rd1 g5 21. Ne1 f4 22.
Qb2 g4 23. Nf1 h5 24. f3 Ng6 25. Qf2 Rb8 26. Ra1 Bf6 27. Ra2 Kh7 28. Kh1 Kh6
29. Nc2 gxf3 30. Qxf3 Bg4 31. Qf2 Bh4 32. Qg1 Ra8 33. h3 Bd7 34. Nh2 Bg3 35.
Nf3 Ne7 36. Na3 Ng8 37. Nb1 Nf6 38. Re2 Be8 39. Nbd2 Bg6 40. Nh2 Ra6 41. Nhf1
h4 42. Nh2 Qh7 43. Bd8 Kg7 44. Bxf6+ Kxf6 45. Ng4+ Kg7 46. Nf3 Qh8 47. Ngxe5
dxe5 48. Qc5 Ra1+ 49. Ng1 Qe8 50. d6 Kf6 51. Rd2 Qd7 52. Rd5 Qxh3+ 53. gxh3
Bxe4# 0-1

[Event "Hastings Masters"]
[Site "Hastings"]
[Date "2006.12.30"]
[Round "3.25"]
[White "Pickersgill, Adrian"]
[Black "Schuurman, Petra"]
[Result "0-1"]
[WhiteElo "2093"]
[BlackElo "2238"]
[PlyCount "114"]
[EventDate "2006.12.28"]
[SourceDate "2006.12.28"]

1. e4 c5 2. c3 Nf6 3. e5 Nd5 4. d4 cxd4 5. Qxd4 e6 6. Nf3 Nc6 7. Qe4 f5 8. Qe2
Qc7 9. g3 b5 10. Bg2 a5 11. O-O Ba6 12. Rd1 Be7 13. Nd4 b4 14. c4 Nxe5 15. b3
O-O 16. Qe1 Nb6 17. Bxa8 Rxa8 18. Bb2 Bf6 19. Qe2 a4 20. Nd2 a3 21. Bc1 Bb7 22.
f4 Ng4 23. N2f3 Qc5 24. Ne5 Nxe5 25. fxe5 Qxe5 26. Qxe5 Bxe5 27. Be3 Rb8 28.
Re1 {(=)} Be4 29. Rad1 Kf7 30. Bf4 Bxf4 31. gxf4 Ke7 32. Kf2 Rg8 33. Rg1 g6 34.
Nb5 d5 35. c5 Nd7 36. c6 Nc5 37. Ke3 Rc8 38. Nd4 Kd6 39. Nb5+ Ke7 40. Nd4 e5
41. fxe5 Ne6 42. Nxe6 Kxe6 43. Kd4 f4 44. Rc1 Rc7 45. Rgf1 f3 46. Rf2 g5 47.
Kc5 Kxe5 48. Kxb4 d4 49. Kxa3 Kf4 50. b4 Rxc6 51. Rxc6 Bxc6 52. Rc2 Be4 53. Rc1
d3 54. Kb2 d2 55. Rd1 Ke3 56. Kc3 f2 57. b5 Bf3 0-1

[Event "Hastings Masters"]
[Site "Hastings"]
[Date "2006.12.30"]
[Round "3.26"]
[White "Henrichsen, Jens"]
[Black "Jackson, Oliver"]
[Result "1/2-1/2"]
[WhiteElo "2089"]
[BlackElo "2225"]
[PlyCount "77"]
[EventDate "2006.12.28"]
[SourceDate "2006.12.28"]

1. d4 Nf6 2. c4 e5 3. dxe5 Ng4 4. Nh3 Bc5 5. e4 Nxe5 6. Nf4 O-O 7. Be2 d6 8.
O-O Nbc6 9. Nc3 Nd4 10. Kh1 Bd7 11. b3 Re8 12. f3 f5 13. Bb2 c6 14. Bd3 Qh4 15.
g3 Qe7 16. a3 a5 17. Ra2 g5 18. Nh5 Qf7 19. g4 f4 20. Bb1 Ndxf3 21. h3 Nh4 22.
Na4 Rad8 23. Nxc5 dxc5 24. Qd6 Bxg4 25. Nf6+ Kh8 26. Nxe8 Rxd6 27. Nxd6 Qe6 28.
Bxe5+ Kg8 29. hxg4 Qxe5 30. Nf5 Qc3 31. Nh6+ Kg7 32. Nf5+ Kf8 33. Nxh4 Qh3+ 34.
Kg1 Qxh4 35. Rg2 Qh3 36. Bc2 Ke7 37. Bd1 Qe3+ 38. Kh1 Qh3+ 39. Kg1 1/2-1/2

[Event "Hastings Masters"]
[Site "Hastings"]
[Date "2006.12.30"]
[Round "3.27"]
[White "Lunn, Timothy"]
[Black "Snape, Ian"]
[Result "0-1"]
[WhiteElo "2079"]
[BlackElo "2217"]
[PlyCount "78"]
[EventDate "2006.12.28"]
[SourceDate "2006.12.28"]

1. d4 Nf6 2. c4 c5 3. d5 e6 4. Nc3 exd5 5. cxd5 d6 6. e4 g6 7. Nf3 Bg7 8. h3
O-O 9. Bd3 b5 10. Bxb5 Nxe4 11. Nxe4 Qa5+ 12. Nfd2 Qxb5 13. Nxd6 Qa6 14. N2c4
Nd7 15. O-O Nb6 16. Nxb6 Qxb6 17. Nxc8 Raxc8 18. Rb1 Qa6 19. a3 Rfd8 20. Qf3
Qf6 21. Qxf6 Bxf6 22. Rd1 Bd4 23. b4 Rxd5 24. Bb2 Rcd8 25. Bxd4 cxd4 26. Rd3
Kg7 27. g3 h5 28. b5 Kf6 29. Kf1 Rb8 30. a4 a6 31. Rbb3 axb5 32. axb5 Rb6 33.
Ke2 Ke5 34. Rb4 g5 35. f3 f5 36. f4+ gxf4 37. gxf4+ Ke4 38. Re3+ Kxf4 39. Kd3
Rbxb5 0-1

[Event "Hastings Masters"]
[Site "Hastings"]
[Date "2006.12.30"]
[Round "3.28"]
[White "Gibson, Christopher"]
[Black "Graf, Felix"]
[Result "0-1"]
[WhiteElo "2056"]
[BlackElo "2207"]
[PlyCount "82"]
[EventDate "2006.12.28"]
[SourceDate "2006.12.28"]

1. d4 e6 2. c4 Nf6 3. Nf3 Bb4+ 4. Bd2 Qe7 5. g3 Nc6 6. Nc3 O-O 7. Bg2 d5 8.
cxd5 exd5 9. Bg5 h6 10. Bxf6 Qxf6 11. O-O Qd6 12. a3 Bxc3 13. bxc3 Na5 14. Ne5
c6 15. Qd3 b5 16. e4 Be6 17. Rfe1 a6 18. a4 dxe4 19. Bxe4 Bd5 20. axb5 axb5 21.
Qf3 Nc4 22. Nxc4 bxc4 23. Bxd5 Qxd5 24. Qxd5 cxd5 25. Rac1 Rfb8 26. Re5 {(=)}
Ra5 27. Rc2 Rb7 28. h4 f6 29. Re3 h5 30. f3 Kf7 31. g4 Rb1+ 32. Kg2 hxg4 33.
fxg4 Raa1 34. g5 Rg1+ 35. Kf2 Raf1+ 36. Ke2 Rf4 37. Kd2 Rf2+ 38. Re2 Rxe2+ 39.
Kxe2 Rg2+ 40. Kd1 Rxc2 41. Kxc2 fxg5 0-1

[Event "Hastings Masters"]
[Site "Hastings"]
[Date "2006.12.30"]
[Round "3.29"]
[White "Grant, Alan"]
[Black "Poobalasingam, Peter"]
[Result "1-0"]
[WhiteElo "2206"]
[BlackElo "2077"]
[PlyCount "83"]
[EventDate "2006.12.28"]
[SourceDate "2006.12.28"]

1. e4 c5 2. Nf3 d6 3. Nc3 Nc6 4. Bb5 Bd7 5. O-O e6 6. d3 Nge7 7. a3 Ng6 8. Ng5
Be7 9. Bxc6 Bxc6 10. Qh5 Qc7 11. f4 Bxg5 12. Qxg5 Qe7 13. Qg3 O-O-O 14. b4 a6
15. Be3 f5 16. Rae1 cxb4 17. axb4 Qf6 {(=)} 18. e5 dxe5 19. fxe5 Qxe5 20. Qxe5
Nxe5 21. Bb6 Nxd3 22. cxd3 Rxd3 23. Rc1 Kb8 24. Rfd1 Rxd1+ 25. Rxd1 Rc8 26. Bd4
Rd8 27. Be5+ Kc8 28. Rxd8+ Kxd8 29. Bxg7 Kc7 30. Be5+ Kb6 31. Bd4+ Kc7 32. g3
Kd6 33. Bc5+ Ke5 34. Kf2 f4 35. gxf4+ Kxf4 36. Bd6+ Kf5 37. Ke3 e5 38. Bc7 Ke6
39. Ne4 h6 40. Nf2 Kd5 41. Ng4 Kc4 42. Bd6 1-0

[Event "Hastings Masters"]
[Site "Hastings"]
[Date "2006.12.30"]
[Round "3.30"]
[White "Fowler, Simon"]
[Black "Fraser, Joe"]
[Result "1-0"]
[WhiteElo "2201"]
[BlackElo "1983"]
[PlyCount "43"]
[EventDate "2006.12.28"]
[SourceDate "2006.12.28"]

1. d4 Nf6 2. Bg5 Ne4 3. Bf4 c5 4. f3 Qa5+ 5. c3 Nf6 6. Nd2 cxd4 7. Nc4 Qf5 8.
Nh3 Nc6 9. cxd4 d5 10. Ne5 g5 11. g4 Nxg4 12. fxg4 Qe4 13. Nxc6 bxc6 14. Be5
Qxh1 15. Qc2 Bd7 16. Bxh8 f6 17. Qxh7 Qe4 18. Qxe4 dxe4 19. Bg2 Kf7 20. Nxg5+
fxg5 21. Bxe4 Bxg4 22. Bxc6 1-0

[Event "Hastings Masters"]
[Site "Hastings"]
[Date "2006.12.30"]
[Round "3.31"]
[White "Mulligan, Stephen"]
[Black "Snowden, James"]
[Result "1/2-1/2"]
[WhiteElo "2199"]
[BlackElo "1903"]
[PlyCount "36"]
[EventDate "2006.12.28"]
[SourceDate "2006.12.28"]

1. d4 Nf6 2. Nf3 c5 3. c3 cxd4 4. cxd4 d5 5. e3 Nc6 6. Bd3 Bg4 7. Nc3 e6 8. h3
Bh5 9. Bd2 a6 10. a3 Bd6 11. O-O Rc8 12. Rc1 Nd7 13. Be2 b5 14. b4 O-O 15. Ne1
Bxe2 16. Qxe2 Nb6 17. Nd3 Nc4 18. Nb1 f6 1/2-1/2

[Event "Hastings Masters"]
[Site "Hastings"]
[Date "2006.12.30"]
[Round "3.32"]
[White "Groffen, Hans"]
[Black "Cumming, Rhys"]
[Result "1-0"]
[WhiteElo "2180"]
[BlackElo "1552"]
[PlyCount "159"]
[EventDate "2006.12.28"]
[SourceDate "2006.12.28"]

1. d4 d5 2. c4 e6 3. Nc3 Nf6 4. cxd5 exd5 5. Bg5 c6 6. e3 Be7 7. Bd3 Nbd7 8.
Qc2 O-O 9. Nf3 Re8 10. O-O Nf8 11. h3 g6 12. Bxf6 Bxf6 13. b4 a6 14. a4 Qd6 15.
b5 axb5 16. axb5 Bd7 17. Qb3 Ne6 18. b6 Reb8 19. Ra7 Bc8 20. Rfa1 Rxa7 21. Rxa7
Bd8 22. Be2 Nf8 23. Ne5 Nd7 24. Nxd7 Bxd7 25. Ra5 Be7 26. Na4 Qf6 {(=)} 27. Qc3
Qg5 28. Kf1 Qf5 29. Qb2 Bh4 30. Bf3 Qd3+ {(=)} 31. Kg1 Be7 32. Nc3 Bf5 33. Ra2
Qc4 34. g4 Bb4 35. Ne2 Bd7 {(=)} 36. Qb1 f5 37. Rc2 Qd3 38. Nf4 Qa3 39. Ra2 Qc3
40. Kg2 Bd6 41. Ne2 Qb4 42. Rb2 Qc4 43. Qa1 Qd3 44. Qa2 fxg4 45. hxg4 Rf8 46.
Nc1 Qa3 47. Qb1 Qc3 48. Nd3 Ra8 49. Rb3 Qa1 50. Be2 Qxb1 51. Rxb1 Ra2 {(=)} 52.
Kf1 Kg7 53. Nc1 Ra3 54. Nd3 Ra2 55. f4 Ra3 {(=)} 56. Kf2 Ra2 57. Rb2 Ra3 58.
Ne5 Bxe5 59. fxe5 Kh6 60. Kf3 Kg5 61. Kf2 Be6 62. Rb1 Ra2 63. Rg1 Rb2 64. e4
dxe4 65. Ke3 Rb3+ 66. Kd2 e3+ 67. Kc2 Rxb6 68. Rh1 h6 69. Rf1 Bxg4 70. Bxg4
Kxg4 71. e6 c5 72. d5 Rb4 73. e7 Re4 74. d6 e2 75. Re1 Kf3 76. d7 Rxe7 77. d8=Q
Re3 78. Qf6+ Kg3 79. Qxg6+ Kf2 80. Kd2 1-0

[Event "Hastings Masters"]
[Site "Hastings"]
[Date "2006.12.30"]
[Round "3.33"]
[White "Auckland, Elliott"]
[Black "Hagesaether, Arne"]
[Result "0-1"]
[WhiteElo "1850"]
[BlackElo "2178"]
[PlyCount "34"]
[EventDate "2006.12.28"]
[SourceDate "2006.12.28"]

1. b3 Nf6 2. Bb2 d5 3. e3 c6 4. Be2 Bf5 5. Nf3 h6 6. O-O e6 7. Nd4 Bh7 8. f4
Nbd7 9. d3 Bc5 10. a3 Qe7 11. Qd2 e5 12. fxe5 Nxe5 13. b4 Bb6 14. Nf5 Bxf5 15.
Rxf5 Nc4 16. Bxf6 gxf6 17. Qc3 Qxe3+ 0-1

[Event "Hastings Masters"]
[Site "Hastings"]
[Date "2006.12.30"]
[Round "3.34"]
[White "Calvert, D Ian"]
[Black "Muter, Donny"]
[Result "1/2-1/2"]
[WhiteElo "2064"]
[BlackElo "2146"]
[PlyCount "43"]
[EventDate "2006.12.28"]
[SourceDate "2006.12.28"]

1. b3 d5 2. Bb2 e6 3. Nf3 Nf6 4. c4 Be7 5. g3 a5 6. a3 O-O 7. Bg2 c5 8. cxd5
Nxd5 9. Nc3 Nb6 10. O-O Na6 11. d4 cxd4 12. Qxd4 Qxd4 13. Nxd4 Nc5 14. Ne4 Nbd7
15. Bc3 Nxe4 16. Bxe4 Nc5 17. Bc2 Bd7 18. b4 axb4 19. axb4 Na6 20. Be4 Bxb4 21.
Bxb4 Nxb4 22. Bxb7 1/2-1/2

[Event "Hastings Masters"]
[Site "Hastings"]
[Date "2006.12.30"]
[Round "3.35"]
[White "Dennis, Nigel"]
[Black "Eggleston, David"]
[Result "1-0"]
[WhiteElo "2020"]
[BlackElo "2239"]
[PlyCount "70"]
[EventDate "2006.12.28"]
[SourceDate "2006.12.28"]

1. e4 c5 2. Nf3 d6 3. d4 cxd4 4. Nxd4 Nf6 5. Nc3 a6 6. Be2 e5 7. Nb3 Be7 8. O-O
O-O 9. f4 b5 10. Bf3 Bb7 11. Kh1 Nbd7 12. f5 b4 13. Nd5 Nxd5 14. exd5 Nf6 15.
Bg5 e4 16. Bxf6 exf3 17. Bxe7 fxg2+ 18. Kxg2 Qxe7 19. Qf3 Qe5 20. Rad1 Rac8 21.
Rf2 Qxb2 22. c4 Qf6 23. Na5 Ba8 24. Rb1 Rc5 25. Nc6 Rxc4 26. Rxb4 Rc3 27. Qe4
Bxc6 28. dxc6 d5 29. Qxd5 Qg5+ 30. Kf1 Rc1+ 31. Ke2 Qg1 32. Rc4 Qe1+ 33. Kf3
Qh1+ 34. Rg2 Qf1+ 35. Rf2 Qxc4 1-0

[Event "Hastings Masters"]
[Site "Hastings"]
[Date "2006.12.30"]
[Round "3.36"]
[White "Almond, Richard"]
[Black "Parmar, Amisha"]
[Result "0-1"]
[WhiteElo "2124"]
[BlackElo "1981"]
[PlyCount "104"]
[EventDate "2006.12.28"]
[SourceDate "2006.12.28"]

1. d4 Nf6 2. c4 g6 3. Nc3 Bg7 4. Nf3 O-O 5. g3 d6 6. Bg2 Nbd7 7. O-O e5 8. e4
exd4 9. Nxd4 Re8 10. h3 a6 11. Re1 Rb8 12. Rb1 c5 13. Nc2 Ne5 14. Qe2 b5 15.
cxb5 axb5 16. b4 c4 17. Be3 Nd3 18. Rf1 Bb7 19. Nd4 Qd7 20. Ndxb5 Bxe4 21. Nxe4
Nxe4 22. a4 d5 23. Qg4 f5 24. Qf3 Ra8 25. Bd4 Rxa4 26. Bxg7 Kxg7 27. Nd4 Nd2
28. Qxd5 Qxd5 29. Bxd5 Nxf1 30. Bc6 Rc8 31. Bxa4 Nd2 32. Rd1 Ne4 33. Bc2 Ndxf2
34. Ra1 Nxh3+ 35. Kg2 Nhg5 36. b5 Nd6 37. Ra6 Nge4 38. b6 Nc5 39. Ra7+ Kh6 40.
Ra5 Ndb7 41. Rb5 Rd8 42. Nf3 Rd6 43. Rb4 Nd7 44. Rxc4 Nxb6 45. Rc7 Na5 46. Ne5
Rd4 47. Bd3 Nd5 48. Rc5 Nb7 49. Rc1 Nd6 50. Ba6 Ne4 51. Nf3 Ra4 52. Bc4 Ne3+
0-1

[Event "Hastings Masters"]
[Site "Hastings"]
[Date "2006.12.30"]
[Round "3.38"]
[White "Rice, Chris"]
[Black "Goldsworthy, Patrick"]
[Result "1-0"]
[WhiteElo "2110"]
[BlackElo "1936"]
[PlyCount "35"]
[EventDate "2006.12.28"]
[SourceDate "2006.12.28"]

1. c4 Nf6 2. g3 g6 3. Bg2 Bg7 4. Nc3 d6 5. d3 O-O 6. Bg5 h6 7. Bd2 e5 8. e4 Be6
9. Nge2 Nc6 10. O-O Nb4 11. Bc1 c6 12. f4 Qb6+ 13. Kh1 Ng4 14. a3 Na6 15. Na4
Nf2+ 16. Kg1 Nh3+ 17. Kh1 Qg1+ 18. Nxg1 1-0

[Event "Hastings Masters"]
[Site "Hastings"]
[Date "2006.12.30"]
[Round "3.39"]
[White "Humphreys, Jerry"]
[Black "Thilaganathan, Jessica"]
[Result "1/2-1/2"]
[WhiteElo "2106"]
[BlackElo "1871"]
[PlyCount "32"]
[EventDate "2006.12.28"]
[SourceDate "2006.12.28"]

1. c4 b6 2. Nf3 Bb7 3. Nc3 e6 4. e4 d6 5. d4 Nf6 6. Bd3 c5 7. O-O Be7 8. Qe2
O-O 9. Be3 Nbd7 10. Rad1 Qc8 11. Rfe1 a6 12. Bc1 Qc7 13. d5 e5 14. g3 Rfe8 15.
Qc2 Nf8 16. Nh4 g6 1/2-1/2

[Event "Hastings Masters"]
[Site "Hastings"]
[Date "2006.12.30"]
[Round "3.40"]
[White "Armstrong, Malcolm"]
[Black "Cohen, Ronnie"]
[Result "1-0"]
[WhiteElo "2101"]
[BlackElo "1841"]
[PlyCount "145"]
[EventDate "2006.12.28"]
[SourceDate "2006.12.28"]

1. d4 Nf6 2. Nf3 g6 3. Nc3 Bg7 4. e4 d6 5. h3 c6 6. a4 Qa5 7. Bd2 Nbd7 8. Be2
O-O 9. O-O Qc7 10. Be3 Re8 11. Qd2 e5 12. dxe5 dxe5 13. Bc4 Nf8 14. Rfd1 Be6
15. Qe2 Rad8 16. Ng5 Bxc4 17. Qxc4 h6 18. Nf3 Ne6 19. g3 b6 20. Kg2 Nh7 21. b3
Nhf8 22. Na2 Nd7 23. Rd2 Nb8 24. Rad1 Rxd2 25. Rxd2 Rd8 26. Rxd8+ Qxd8 27. Nb4
Qd6 28. Nd3 Kh7 29. a5 Qc7 30. axb6 axb6 31. b4 b5 32. Qc3 Nd7 33. Nd2 Qd6 34.
Nb3 Bf8 35. Na5 c5 {(=)} 36. Nb7 Qc6 37. Nbxc5 Ndxc5 38. Nxc5 Nxc5 39. f3 Qd7
40. Bxc5 Bg7 41. Qd3 Qxd3 42. cxd3 f5 43. f4 fxe4 44. dxe4 Kg8 45. Kf3 Kf7 46.
Bd6 exf4 47. gxf4 Ke6 48. Bc5 Bb2 49. Kg4 Bc1 50. f5+ gxf5+ 51. exf5+ Kf7 52.
Kf3 Bd2 53. Ke4 Kf6 54. Bd6 Bc3 55. Kd5 Kxf5 56. Kc5 Be1 57. Kxb5 Kg5 58. Be7+
Kf4 59. Kc5 h5 60. h4 Kg4 61. b5 Bxh4 62. Bxh4 Kxh4 63. b6 Kg3 64. b7 h4 65.
b8=Q+ Kg2 66. Qb7+ Kh2 67. Qc7+ Kg2 68. Qc6+ Kh2 69. Qd6+ Kg2 70. Qd5+ Kh2 71.
Qe5+ Kg2 72. Qe4+ Kh3 73. Qh1+ 1-0

[Event "Hastings Masters"]
[Site "Hastings"]
[Date "2006.12.30"]
[Round "3.41"]
[White "Foord, Dominic"]
[Black "Norinkeviciute, Rasa"]
[Result "1-0"]
[WhiteElo "1894"]
[BlackElo "2094"]
[PlyCount "99"]
[EventDate "2006.12.28"]
[SourceDate "2006.12.28"]

1. e4 g6 2. d4 Bg7 3. Nc3 d6 4. Bg5 h6 5. Bh4 Nf6 6. f4 c5 7. dxc5 Qa5 8. Qd2
Qxc5 9. Bf2 Qa5 10. Bb5+ Bd7 11. Bxd7+ Nbxd7 12. Nge2 O-O 13. O-O a6 14. Kh1 b5
15. a3 Qc7 16. Rad1 Qb7 17. Nd4 Nc5 18. e5 Nfe4 19. Nxe4 Nxe4 20. Qe3 dxe5 21.
fxe5 Bxe5 22. Qxh6 Bg7 23. Qh4 Bf6 24. Qg4 Rad8 25. Be3 Bg7 26. c3 Nf6 27. Qh3
Rd5 28. Qf3 Qd7 29. Rde1 Rh5 30. Bf4 Rd5 31. Be5 Kh8 32. h3 Kg8 33. g4 Nh7 34.
Bxg7 Kxg7 35. Rd1 e6 36. Rde1 Qd8 37. Qg3 Ng5 38. h4 Rh8 39. Kg2 Rxd4 40. Qe5+
f6 41. Qxd4 Qa8+ 42. Kg3 e5 43. Qd7+ Nf7 44. Rxf6 Qe8 45. Qxe8 Rxe8 46. Rxa6
Rd8 47. Ra7 Rd3+ 48. Kf2 Kf6 49. Rf1 Ke6 50. Rxf7 1-0

[Event "Hastings Masters"]
[Site "Hastings"]
[Date "2006.12.30"]
[Round "3.42"]
[White "Kenyon, Scott"]
[Black "Jain, Akash"]
[Result "1/2-1/2"]
[WhiteElo "1759"]
[BlackElo "2036"]
[PlyCount "73"]
[EventDate "2006.12.28"]
[SourceDate "2006.12.28"]

1. d4 Nf6 2. Bg5 Ne4 3. Bf4 d5 4. f3 Nf6 5. e4 dxe4 6. Nc3 Bf5 7. Qe2 exf3 8.
Nxf3 c6 9. O-O-O Nd5 10. Nxd5 Qxd5 11. c4 Qe4 12. Qxe4 Bxe4 13. Ng5 Bg6 14. Bd3
Bxd3 15. Rxd3 Nd7 16. Re1 h6 17. Ne4 O-O-O 18. Ra3 e5 19. dxe5 Bxa3 20. bxa3
Nf8 21. Nd6+ Rxd6 22. exd6 Ne6 23. Bg3 c5 24. a4 b6 25. Re3 Kd7 26. a5 f5 27.
Be5 Rb8 28. axb6 axb6 29. Ra3 Kc6 30. Ra7 Rb7 31. Ra8 Rf7 {(=)} 32. Re8 Kd7 33.
Rb8 Kc6 34. Rc8+ Kd7 35. Ra8 Kc6 36. a4 f4 37. Rc8+ 1/2-1/2

[Event "Hastings Masters"]
[Site "Hastings"]
[Date "2006.12.30"]
[Round "3.43"]
[White "Mansson, James"]
[Black "Barron, David"]
[Result "1-0"]
[WhiteElo "2120"]
[BlackElo "1966"]
[PlyCount "39"]
[EventDate "2006.12.28"]
[SourceDate "2006.12.28"]

1. e4 c5 2. Nf3 Nc6 3. d4 cxd4 4. Nxd4 e5 5. Nb5 d6 6. N1c3 a6 7. Na3 b5 8. Nd5
Nge7 9. c4 Nd4 10. cxb5 Nxd5 11. exd5 Bd7 12. Bd3 Be7 13. O-O f5 14. f4 Qb6 15.
Be3 e4 16. Bxe4 Ne2+ 17. Qxe2 Qd8 18. Bd4 fxe4 19. Bxg7 Rg8 20. Qh5# 1-0

[Event "Hastings Masters"]
[Site "Hastings"]
[Date "2006.12.30"]
[Round "3.44"]
[White "Chevannes, Sabrina"]
[Black "Tucker, Andrew"]
[Result "1/2-1/2"]
[WhiteElo "2093"]
[BlackElo "1956"]
[PlyCount "106"]
[EventDate "2006.12.28"]
[SourceDate "2006.12.28"]

1. d4 g6 2. Nf3 Bg7 3. e4 d6 4. Be3 Nd7 5. Bd3 e5 6. Qd2 Ngf6 7. h3 Qe7 8. O-O
O-O 9. Nc3 c6 10. Rfe1 Re8 11. Rad1 Nf8 12. Qe2 h6 13. Na4 g5 14. c4 Ng6 15.
dxe5 dxe5 16. Bc5 Qc7 17. Bc2 Bf8 18. Qe3 b6 19. Bxf8 Kxf8 20. b4 Be6 21. Nb2
Kg7 22. Qc3 Rad8 23. Nd3 Nd7 24. Nd2 f6 25. a3 h5 26. Nf1 Rh8 27. Ne3 Rdg8 28.
Bb3 Ndf8 29. c5 b5 30. Nf5+ Kf7 31. Re2 Bxb3 32. Qxb3+ Ne6 33. Red2 Rd8 34. Ne1
Rxd2 {(=)} 35. Rxd2 Rd8 36. Rd6 Ngf8 37. a4 a6 38. axb5 axb5 39. Qa2 Re8 40.
Nc2 Kg6 41. Nce3 Qb7 42. Rd3 Ra8 43. Ra3 Rxa3 44. Qxa3 Qd7 45. Qa2 Kh7 46. Qa8
Ng6 47. Nd6 Ngf4 48. Nef5 Ne2+ 49. Kf1 N2d4 50. Nxd4 Nxd4 51. Qf8 Qe6 52. Ne8
Qc4+ 53. Kg1 Qc1+ 1/2-1/2